00649 2200229 4500001002100000005001700021008004100038035002400079082001300103090002000116100002400136245006900160260004100229300002900270500002600299650003200325850001500357980001100372985000600383999001500389999001500404YOGYA-0209000000494920090227020749.0 ind  0010-020900000004949 a001.6424 a001.6424bWin P aWINARNO, Wing Wahyu aPerintah bertitik wordstar 4.0, 5.0, dan 5.5cWing Wahyu Winarno aJakartabElex Media Komputindoc1990 avii, 92 hlmbilusc21 cm aBibliografi : hlm. 92 aWordstar (Program komputer) aYOPDYOG(B) a230505 a2 aB000015332 aB000015333